Fr. Conceicao Rodrigues College of Engineering

Introduction to Microelectronic devices (Record no. 26904)

MARC details
000 -LEADER
fixed length control field 00362nam a2200145Ia 4500
082 ## - DEWEY DECIMAL CLASSIFICATION NUMBER
Classification number 621.3815
Item number PUL/TA
100 ## - MAIN ENTRY--PERSONAL NAME
Personal name Pulfrey/ D.L&tarr.n.g
245 ## - TITLE STATEMENT
Title Introduction to Microelectronic devices
260 ## - PUBLICATION, DISTRIBUTION, ETC.
Name of publisher, distributor, etc. Prentice Hall of International
Place of publication, distribution, etc. New Jersey
Date of publication, distribution, etc. 1989
300 ## - PHYSICAL DESCRIPTION
Extent 434
546 ## - LANGUAGE NOTE
Language note ENGLISH
654 ## - SUBJECT ADDED ENTRY--FACETED TOPICAL TERMS
Focus term Microelectronics
942 ## - ADDED ENTRY ELEMENTS (KOHA)
Koha item type BOOK
Holdings
Withdrawn status Lost status Damaged status Not for loan Collection Home library Current library Shelving location Date acquired Source of acquisition Cost, normal purchase price Inventory number Total Checkouts Full call number Barcode Date last seen Cost, replacement price Price effective from Koha item type
        CRC Fr. Agnel's C.Rodrigues College of Engineering Fr. Agnel's C.Rodrigues College of Engineering   17/03/2023 Pravina books 310.18 167   621.3815 PUL/TA 3012 17/03/2023 310.18 17/03/2023 BOOK